Library Banner

Microbiology : (Record no. 91184)

MARC details
000 -LEADER
fixed length control field 01165cam a2200349 i 4500
001 - CONTROL NUMBER
control field 18608664
005 - DATE AND TIME OF LATEST TRANSACTION
control field 20170224110037.0
008 - FIXED-LENGTH DATA ELEMENTS--GENERAL INFORMATION
fixed length control field 150430s2016 nyua 001 0 eng
020 ## - INTERNATIONAL STANDARD BOOK NUMBER
International Standard Book Number 9780815345138 (paperback)
020 ## - INTERNATIONAL STANDARD BOOK NUMBER
International Standard Book Number 0815345135 (paperback)
020 ## - INTERNATIONAL STANDARD BOOK NUMBER
International Standard Book Number 9780815345442 (loose leaf)
020 ## - INTERNATIONAL STANDARD BOOK NUMBER
International Standard Book Number 0815345445 (loose leaf)
040 ## - CATALOGING SOURCE
Transcribing agency PK-LaUMT
082 00 - DEWEY DECIMAL CLASSIFICATION NUMBER
Classification number 616.9041
Edition number 23
Item number STR-M
100 1# - MAIN ENTRY--PERSONAL NAME
Personal name Strelkauskas, Anthony J.
245 10 - TITLE STATEMENT
Title Microbiology :
Remainder of title a clinical approach /
Statement of responsibility, etc Anthony Strelkauskas, Angela Edwards, Beatrix Fahnert, Gregory Pryor, Jennifer Strelkauskas.
250 ## - EDITION STATEMENT
Edition statement 2nd ed.
260 ## - PUBLICATION, DISTRIBUTION, ETC. (IMPRINT)
Place of publication, distribution, etc New York :
Name of publisher, distributor, etc Garland Science,
Date of publication, distribution, etc 2016
300 ## - PHYSICAL DESCRIPTION
Extent 722 p. :
Other physical details illustrations (some color) ;
Dimensions 28 cm
500 ## - GENERAL NOTE
General note Includes index.
650 #0 - SUBJECT ADDED ENTRY--TOPICAL TERM
Topical term or geographic name as entry element Medical microbiology
650 #0 - SUBJECT ADDED ENTRY--TOPICAL TERM
Topical term or geographic name as entry element Communicable diseases
General subdivision Microbiology
650 #0 - SUBJECT ADDED ENTRY--TOPICAL TERM
Topical term or geographic name as entry element Infection
General subdivision Microbiology
650 12 - SUBJECT ADDED ENTRY--TOPICAL TERM
Topical term or geographic name as entry element Communicable Diseases
General subdivision microbiology.
650 12 - SUBJECT ADDED ENTRY--TOPICAL TERM
Topical term or geographic name as entry element Infection
General subdivision microbiology.
650 22 - SUBJECT ADDED ENTRY--TOPICAL TERM
Topical term or geographic name as entry element Microbiological Phenomena.
700 1# - ADDED ENTRY--PERSONAL NAME
Personal name Edwards, Angela,
700 1# - ADDED ENTRY--PERSONAL NAME
Personal name Fahnert, Beatrix,
700 1# - ADDED ENTRY--PERSONAL NAME
Personal name Pryor, Gregory,
700 1# - ADDED ENTRY--PERSONAL NAME
Personal name Strelkauskas, Jennifer,
942 ## - ADDED ENTRY ELEMENTS (KOHA)
Koha item type Books
Holdings
Withdrawn status Lost status Damaged status Home library Current library Date acquired Full call number Barcode Date last seen Price effective from Koha item type
      UMT Main Campus UMT Main Campus 2017-02-24 616.9041 STR-M 105751 2022-10-21 2017-02-24 Books